000 00360nam a22001577a 4500
003 SGT
020 _a978-0443-06978-9
082 _a612.8
_bN17L
100 _aLINDSAY KENNETH W.
245 _aNEUROLOGY AND NEUROSURGERY ILLUSTRATED
250 _a5TH
260 _aINDIA
_bELSEVIER
_c2017
300 _a600
650 _aNEUROLOGY
942 _2ddc
_cBK
_018
999 _c15655
_d15655